Fútbol - Selecciones que le ganaron a Colombia desde el 2000 - Estadísticas

Estadísticas generales
  • Esta prueba ha sido intentada 179 veces
  • La puntuación promedio es 13 de 17
Estadísticas de respuestas
Cantidad Primera Última Equipo % Correcto
11 2000 2024 Argentina
100%
7 2000 2025 Brasil
100%
8 2004 2024 Uruguay
98%
4 2001 2022 Perú
97%
3 2008 2016 Chile
95%
4 2004 2024 Ecuador
95%
4 2003 2015 Venezuela
94%
2 2003 2024 Bolivia
92%
4 2000 2017 Paraguay
90%
1 2018 2018 Japón
77%
1 2003 2003 Francia
75%
2 2005 2005 Panamá
64%
1 2016 2016 Costa Rica
62%
1 2000 2000 Canadá
56%
2 2000 2005 Honduras
49%
1 2003 2003 Camerún
42%
1 2003 2003 Turquía
23%
No se encontraron pruebas coincidentes
Distribución de puntuación
Porcentaje de gente con cada puntuación
Porcentaje por número respondido
Historial de tus puntuaciones
No has intentado esta prueba.